000 00472nam a22001817a 4500
005 20251108175530.0
008 250721s2004 xx 000 0 eng d
082 1 4 _aJ/F/CUY
100 1 _aCuyler, margery
245 1 0 _aBIG FRIENDS /
264 1 _anew york :
_bwalker and company,
_c2004.
300 _a[30p.]
650 1 7 _afiction
653 _aاطفال مرحلة متوسطة (6-9) سنوات
700 1 _atucker, ezra
942 _2ddc
_cBK
999 _c136322
_d136322